Geography Quiz

Random Geography or City Quiz

Freezing Cold Cities Quiz Stats

 Plays Quiz Updated Dec 26, 2014

Challenge
Share
Tweet
Embed
Score 0/10 Timer 04:00
0 Plays Today
% Correct
Moscow
82.3%
Calgary
75.6%
Helsinki
73.9%
Winnipeg
70.8%
Buffalo
70.5%
Minneapolis
68.1%
Toronto
63.3%
Chicago
57.3%
Milwaukee
52.1%
Vilnius
38.2%

You're not logged in!

Compare scores with friends on all Sporcle quizzes.
Join for Free
OR
Log In

You Might Also Like...

Show Comments

Extras

Top Quizzes Today


Score Distribution

Your Account Isn't Verified!

In order to create a playlist on Sporcle, you need to verify the email address you used during registration. Go to your Sporcle Settings to finish the process.

Report this User

Report this user for behavior that violates our Community Guidelines.

Details: